| 000 -ლიდერი |
| ფიქსირებული სიგრძის საკონტროლო ველი |
01889nam a2200265Ia 4500 |
| 001 - საკონტროლო ნომერი |
| საკონტროლო ველი |
23011 |
| 003 - საკონტროლო ნომრის იდენტიფიკატორი |
| საკონტროლო ველი |
GE_BSU |
| 005 - ბოლო ოპერაციის თარიღი და დრო |
| საკონტროლო ველი |
20230615101811.0 |
| 008 - ფიქსირებული სიგრძის მონაცემთა ელემენტები - ზოგადი ინფორმაცია |
| ფიქსირებული სიგრძის საკონტროლო ველი |
181216s ||||ge |||||||||||||| ||geo|| |
| 040 ## - კატალოგიზაციის წყარო |
| Transcribing agency |
GE_BSU |
| 041 ## - ენის კოდი |
| Language code of text/sound track or separate title |
geo |
| 082 ## - დუის ათობითი კლასიფიკაციის ინდექსი |
| Classification number |
821.353.1'01(082) ძ-49 |
| 245 ## - ცნობა სათაურის შესახებ |
| Title |
ძველი ქართული ლიტერატურის ქრესტომათია. ტ.1 / |
| Statement of responsibility, etc |
შედგენილი სოლ. ყუბანეიშვილის მიერ ; რედ. ა. კეკელიძე ; ყდა, ფორზაცი და ტიტული რენე შმერლინგისა ; თავსართი და ბოლოსართები ტ. შევიაკოვასი ; წინასიტყვ. ავტ. ა. კეკელიძე. |
| 264 ## - წარმოების, გამოცემის, დისტრიბუციის და სხვა ცნობები |
| გამოცემის, წარმოების, დისტრიბუციის... ადგილი |
თბილისი : |
| გამოცემის, წარმოების, დისტრიბუციის... სახელწოდება |
სტალინის სახ. თბილისის სახელმწ. უნ-ტის გამ-ბა, |
| გამოცემის, წარმოების, დისტრიბუციის... თარიღი |
1946. |
| 300 ## - ფიზიკური აღწერა |
| Extent |
488 გვ. ; |
| Dimensions |
28 სმ. |
| 500 ## - ზოგადი შენიშვნა |
| General note |
დანართი : ლექსიკონი : გვ. 416-475 |
| 500 ## - ზოგადი შენიშვნა |
| General note |
საკუთარ სახელთა საძიებელი :გვ. 476-487 |
| 504 ## - BIBLIOGRAPHY, ETC. NOTE |
| Bibliography, etc |
ბიბლიოგრაფია : ლიტ-რა წინასიტყვაობაში, ტექსტში და შენიშვნებში |
| 653 ## - INDEX TERM--UNCONTROLLED |
| Uncontrolled term |
ძველი ქართული ლიტერატურის ქრესტომათია. ტ.1 |
| 653 ## - INDEX TERM--UNCONTROLLED |
| Uncontrolled term |
ძველი ქართული ლიტერატურის ქრესტომათიები |
| 700 ## - ADDED ENTRY--PERSONAL NAME |
| Personal name |
ყუბანეიშვილი, სოლ. |
| Relator term |
შემდგენელი |
| 9 (RLIN) |
4992 |
| 700 ## - ADDED ENTRY--PERSONAL NAME |
| Personal name |
კეკელიძე, ა. |
| Relator term |
რედაქტორი |
| 9 (RLIN) |
18726 |
| 942 ## - ADDED ENTRY ELEMENTS (KOHA) |
| Koha item type |
წიგნი |
| Source of classification or shelving scheme |
|